| Tag |
First Indicator |
Second Indicator |
Subfields |
| LEADER |
00000cam a2200000 a 4500 |
| 001 |
in00000081834 |
| 005 |
20151008054152.0 |
| 008 |
770310r19751945pau b 00110 engmd |
| 035 |
|
|
|a (OCoLC)02790047
|
| 035 |
|
|
|9 AAH9850AM
|
| 040 |
|
|
|a TXA
|c TXA
|d m.c.
|d TXA
|d UtOrBLW
|
| 049 |
|
|
|a TXAM
|c [1163927]
|
| 090 |
|
|
|a PR3581
|b .B3 1975a
|
| 100 |
1 |
|
|a Bailey, John Cann,
|d 1864-1931.
|
| 245 |
1 |
0 |
|a Milton /
|c John Bailey.
|
| 264 |
|
1 |
|a [Folcroft, Pa.] :
|b Folcroft Library Editions,
|c 1975.
|
| 300 |
|
|
|a 256 pages ;
|c 24 cm.
|
| 336 |
|
|
|a text
|b txt
|2 rdacontent
|
| 337 |
|
|
|a unmediated
|b n
|2 rdamedia
|
| 338 |
|
|
|a volume
|b nc
|2 rdacarrier
|
| 500 |
|
|
|a Reprint. Originally published: London ; New York : Oxford University Press, 1945. (Home university library of modern knowledge ; number103 [i.e. number97]).
|
| 500 |
|
|
|a Includes index.
|
| 504 |
|
|
|a Bibliography: pages 250-253.
|
| 600 |
1 |
0 |
|a Milton, John,
|d 1608-1674.
|
| 830 |
|
0 |
|a Home university library of modern knowledge ;
|v 97.
|
| 999 |
|
|
|a MARS
|
| 999 |
f |
f |
|s 671e40b6-1fe3-39c6-852e-fef2fd4446fd
|i b9eb762b-2886-324a-a260-4ea8bcebec4b
|t 0
|
| 952 |
f |
f |
|p normal
|a Texas A&M University
|b College Station
|c Sterling C. Evans Library
|d Evans: Library Stacks
|t 0
|e PR3581 .B3 1975a
|h Library of Congress classification
|i unmediated -- volume
|m A14803926919
|
| 998 |
f |
f |
|a PR3581 .B3 1975a
|t 0
|l Evans: Library Stacks
|